00534nam a2200193 a 4500001001300000003000900013005001700022008004100039020002200080082002000102100001900122245006700141260003700208300000900245500003500254505001000289650001900299650002200318nice12345678IN_TiNIC20260116013253.0050524s1997 enga grp 000 0 eng  a8171092 c8500a266.00954bMAT1 aMattam, Joseph aMission Trends Todayb Historical and Theological Perspectives aEngland bSt. Pauls Pubs. c1997 a215p aincludes index and biblioraphy2 aIndex aMissions-India aEvangelistic Work